Les pokémon de type fée (avec types indiqués) - Statistiques

Statistiques générales
  • Ce quiz a été pris 1 469 fois
  • Le résultat moyen est 27 sur 35
Statistiques - réponses
Génération Type(s) N°National Pokémon % Correct
2ème Fée 173 Melo
96%
1ère Fée 36 Melodelfe
96%
1ère Fée 35 Melofee
96%
1ère Normal Fée 39 Rondoudou
95%
1ère Normal Fée 40 Grodoudou
94%
3ème Psy Fée 282 Gardevoir
88%
3ème Psy Fée 281 Kirlia
86%
3ème Psy Fée 280 Tarsal
86%
6ème Roche Fée 719 Diancie
85%
2ème Eau Fée 184 Azumarill
83%
2ème Normal Fée 174 Toudoudou
83%
2ème Eau Fée 183 Marill
82%
4ème Fée Vol 468 Togekiss
80%
2ème Fée 175 Togepi
80%
3ème Acier Fée 303 Mysdibule
79%
2ème Fée Vol 176 Togetic
79%
6ème Fée 700 Nymphali
78%
6ème Fée 716 Xerneas
78%
1ère Psy Fée 122 M.Mime
77%
6ème Roche Fée 703 Strassie
77%
6ème Acier Fée 707 Trousselin
76%
6ème Electrique Fée 702 Dedenne
74%
3ème Normal Fée 298 Azurill
73%
6ème Fée 669 Flabebe
73%
6ème Fée 671 Florges
72%
6ème Fée 670 Floette
70%
5ème Plante Fée 546 Doudouvet
68%
5ème Plante Fée 547 Farfaduvet
68%
2ème Fée 210 Granbull
68%
6ème Fée 684 Sucroquin
68%
6ème Fée 685 Cupcanaille
66%
6ème Fée 682 Fluvetin
66%
4ème Psy Fée 439 Mime Jr.
66%
2ème Fée 209 Snubbull
64%
6ème Fée 683 Cocotine
62%
Aucun quiz correspondant
Distribution des résultats
% des personnes avec chaque résultat
Percentile par nombre de réponses
Votre historique - résultats
Vous n’avez pas pris ce quiz